Generation 8 Pokemon - Statistics

General Stats
  • This quiz has been taken 741 times
  • The average score is 55 of 81
Answer Stats
Type Answer % Correct
Fire Scorbunny
95%
Grass Grookey
93%
Water Sobble
93%
Grass Rillaboom
91%
Fire Cinderace
90%
Water Inteleon
89%
Fire Raboot
85%
Flying/Steel Corviknight
84%
Grass Thwackey
84%
Fairy/Steel Zacian
84%
Fighting/Steel Zamazenta
83%
Grass/Dragon Applin
80%
Flying Corvisquire
79%
Flying Rookidee
79%
Grass/Dragon Flapple
78%
Grass/Dragon Appletun
77%
Poison/Dragon Eternatus
77%
Bug/Psychic Orbeetle
76%
Water Drizzile
75%
Rock Rolycoly
75%
Electric/Poison Toxel
75%
Ice/Bug Snom
74%
Fire/Bug Centiskorch
73%
Rock/Fire Coalossal
73%
Dragon/Ghost Dragapult
73%
Water/Rock Drednaw
73%
Electric/Poison Toxtricity
73%
Normal Wooloo
73%
Dragon/Ghost Dreepy
72%
Normal Skwovet
72%
Bug Blipbug
71%
Water Chewtle
71%
Bug/Psychic Dottler
71%
Dark/Fairy Grimmsnarl
71%
Dark Nickit
71%
Electric Yamper
71%
Normal Greedent
70%
Dark/Fairy Impidimp
70%
Dark Thievul
70%
Dark/Normal Obstagoon
69%
Fire/Bug Sizzlipede
68%
Electric Boltund
67%
Rock/Fire Carkol
67%
Water/Dragon Dracovish
67%
Ice/Bug Frosmoth
67%
Psychic/Fairy Hatterene
67%
Ice/Psychic Mr. Rime
67%
Flying/Water Cramorant
65%
Normal Dubwool
65%
Water/Ice Arctovish
64%
Grass Eldegoss
64%
Electric/Ice Arctozolt
63%
Electric/Dragon Dracozolt
63%
Steel/Dragon Duraludon
63%
Grass Gossifleur
63%
Electric/Dark Morpeko
62%
Water Barraskewda
60%
Dark/Fairy Morgrem
60%
Dragon/Ghost Drakloak
59%
Psychic Hattrem
59%
Ground Sandaconda
59%
Fighting Sirfetch'd
59%
Psychic Hatenna
58%
Ghost Polteageist
58%
Ghost Sinistea
57%
Ghost Cursola
56%
Ground/Ghost Runerigus
56%
Water Arrokuda
55%
Psychic/Normal Indeedee
55%
Ice Eiscue
54%
Fighting Grapploct
54%
Ground Silicobra
54%
Fairy Alcremie
53%
Steel Perrserker
51%
Fighting Clobbopus
50%
Steel Cufant
50%
Rock Stonjourner
50%
Steel Copperajah
49%
Fighting Falinks
48%
Fairy Milcery
48%
Electric Pincurchin
47%
No matching quizzes found
Score Distribution
Percent of People with Each Score
Percentile by Number Answered
Your Score History
You have not taken this quiz